000 01456nam0a2200361 4500
001 RU\NLR\BIBL_A\022543687
005 20260409000312.0
010 _a978-5-04-211804-3
_92000
035 _a(NLR Aleph) 022543687
090 _a13429633
_c13429633
100 _a20250519d2025 |||y0rusy50 ca
101 0 _arus
102 _aRU
105 _ay|||wz||000zy
181 0 _ai
_bxxxe
182 0 _an
200 1 _aБеседы на Шестоднев
_eдевять бесед на первую главу Книги Бытия
_fсвятитель Василий Великий
203 _aТекст
_bвизуальный
_cнепосредственный
210 _aМосква
_cЭксмо
_d2025
215 _a286, [1] с.
_d17
225 1 _aСокровища православия
_iБиблиотека всемирной классики
333 _a12+
500 _aШестоднев Василия Великого
_3RU\NLR\AUTH\5511022
_92633022
605 _aБиблия
_iВетхий Завет
_iКнига Бытия
_xТолкование
_92196735
_3RU\NLR\AUTH\661320228
606 1 _aПатристика
_92291912
_3RU\NLR\AUTH\661372588
686 2 _aЭ37-4
686 1 _aЭ37-210.911
700 0 _8rus
_7ca
_aВасилий Великий
_cсвятой
_fок.329-379
_3RU\NLR\AUTH\778600
_9118502
942 _cBOOK
980 _aNB